书目信息 |
| 题名: |
大学英语四、六级考试词义辨析词语搭配
|
|
| 作者: | 唐永华 , 毛士图 编著 | |
| 分册: | ||
| 出版信息: | 上海 上海外语教育出版社 2003.04 |
|
| 页数: | 449页 | |
| 开本: | 27cm | |
| 丛书名: | ||
| 单 册: | ||
| 中图分类: | H313 | |
| 科图分类: | ||
| 主题词: | 英语--词汇--高等学校--水平考试--教学参考资料 | |
| 电子资源: | ||
| ISBN: | 7-81080-656-4 | |
| 000 | 00719nam0 2200217 45 | |
| 001 | 012004000000 | |
| 005 | 20041201102507.52 | |
| 010 | @a7-81080-656-4@dCNY 33.00 | |
| 100 | @a20041009e2003 em y0chiy0121 ea | |
| 101 | 0 | @achi@aeng |
| 102 | @aCN@b310000 | |
| 105 | @ay z 000yy | |
| 200 | 1 | @a大学英语四、六级考试词义辨析词语搭配@Ada xue ying yu si liu ji kao shi ci yi bian xi ci yu da pei@f唐永华, 毛士图主编 |
| 210 | @a上海@c上海外语教育出版社@d2003.04@h2004重印 | |
| 215 | @a449页@d27cm | |
| 606 | 0 | @a英语@x词汇@x高等学校@x水平考试@j教学参考资料 |
| 690 | @aH313@v4 | |
| 701 | 0 | @a唐永华@Atang yong hua@4编著 |
| 701 | 0 | @a毛士图@Amao shi tu@4编著 |
| 801 | 0 | @aCN@bQSSKt@c20041201 |
| 905 | @a10447@dH313@eT270 | |
| 大学英语四、六级考试词义辨析词语搭配/唐永华, 毛士图主编.-上海:上海外语教育出版社,2003.04(2004重印) |
| 449页;27cm |
| ISBN 7-81080-656-4:CNY 33.00 |
| ● |
| 相关链接 |
|
|
|
正题名:大学英语四、六级考试词义辨析词语搭配
索取号:H313/T270
 
预约/预借
| 序号 | 登录号 | 条形码 | 馆藏地/架位号 | 状态 | 备注 |
| 1 | 428873 | 204288733 | 语言库209/209语言库 103排8列1层/ [索取号:H313/T270] | 在馆 | |
| 2 | 428874 | 204288742 | 语言库209/209语言库 103排8列1层/ [索取号:H313/T270] | 在馆 | |
| 3 | 428875 | 204288751 | 语言库209/209语言库 103排8列1层/ [索取号:H313/T270] | 在馆 |